Danish Monarch Quiz - Statistics

General Stats
  • This quiz has been taken 58 times
  • The average score is 8 of 14
Answer Stats
# Name % Correct
? Frederik
88%
? Christian
85%
? Margrethe
80%
? Harald
73%
? Cnut
63%
? John
60%
? Eric
55%
? Olaf
50%
? Gorm
43%
? Christopher
40%
? Sweyn
38%
? Valdemar
35%
? Niels
25%
? Abel
20%
No matching quizzes found
Score Distribution
Percent of People with Each Score
Percentile by Number Answered
Your Score History
You have not taken this quiz